000
00305nam a22001457a 4500
008
221012b ||||| |||| 00| 0 eng d
020
_a
9780697053244
041
_a
eng
080
_a
51
082
_a
51
100
_a
20.1
101
_a
MATE
245
_a
COLLEGE ALGEBRA
_c
CHRISTY D
942
_2
udc
_c
BK
999
_c
58516
_d
58516